| 000 | 01178cam a2200337 4500 | ||
|---|---|---|---|
| 001 | J86390 | ||
| 008 | 090401t1997 xxu||||| |||| 00| 0 eng d | ||
| 020 | _a1859460313 | ||
| 035 | _a(Sirsi) u80805 | ||
| 041 | _aeng | ||
| 050 | _a025.4669 | ||
| 110 |
_aNBS Services _990 |
||
| 245 | _aUNICLASS : United Classification for the Construction Industry. | ||
| 260 |
_aLondon _bRIBA Publications _c1997 |
||
| 300 | _a215p. ; 30cm. | ||
| 350 | _a30 | ||
| 520 | _aClassification system based on CI/SfB, CAWS, CESMM3 and EPIC. Project funded by the Construction Federation, RIBA, RICS, CIBSE and Department of the Environment Construction Sponsorship Directorate. Developed by NBS Services on behalf of CPIC. | ||
| 650 | _aCOMMON ARRANGEMENT OF WORK SECTIONS | ||
| 650 | _aCIVIEL ENGINEERING STANDARD METHOD OF MEASUREMENT (THIRD EDITION) | ||
| 650 | _aCI/SFB | ||
| 650 | _aCLASSIFICATION SYSTEM | ||
| 650 | _aCONSTRUCTION INDUSTRY | ||
| 650 | _aEPIC | ||
| 650 | _aUNICLASS | ||
| 690 | _aCONSTRUCTION INDUSTRY | ||
| 700 |
_aCrawford, Marshall _xEditor |
||
| 700 |
_aCann, John _xEditor |
||
| 700 |
_aO`Leary, Ruth _xEditor |
||
| 942 | _n0 | ||
| 948 | _c11/09/1997 | ||
| 999 |
_c96631 _d96631 |
||